| 000 | 00704nam a2200205Ia 4500 | ||
|---|---|---|---|
| 001 | c66-21869 [328] | ||
| 003 | IT-MiCISF | ||
| 008 | 161014s9999||||xx |||||||||||||| ||und|| | ||
| 040 |
_aIT-MiCISF _cIT-MiCISF |
||
| 041 | _ait | ||
| 100 | _aAA.VV. | ||
| 245 | 0 | _aLa condizione dell'infanzia tra famiglia e istituzioni: indagine conoscitiva | |
| 250 | _a1a ed. | ||
| 260 |
_a Roma _bMinistero dell'Interno _c1984 |
||
| 300 | _ap. 204 | ||
| 500 | _aCensis (a cura di) - Mauri L., Penati C., Durante M., Tralli A., David P., Costantino D., Festa C., Merler A., Gabrielli G. / infanzia, servizi-sociali, politica-familiare / | ||
| 650 | _aetà -evolutiva | ||
| 942 | _cBK | ||
| 957 | _71 | ||
| 999 |
_a21869 _bsi _g1 _c209447 _d209447 |
||